Vista normal Vista MARC

Entrada Meeting Name

Número de registros utilizados en: 1

001 - CONTROL NUMBER

  • control field: 4064

003 - CONTROL NUMBER IDENTIFIER

  • control field: OSt

005 - DATE AND TIME OF LATEST TRANSACTION

  • control field: 20200507105702.0

008 - FIXED-LENGTH DATA ELEMENTS

  • fixed length control field: 200507|| aca||aabn | a|a d

040 ## - CATALOGING SOURCE

  • Original cataloging agency: OSt
  • Transcribing agency: OSt

111 ## - HEADING--MEETING NAME

  • Meeting name or jurisdiction name as entry element: Foro Colombia los no alineados y el nuevo orden económico internacional
  • Date of meeting or treaty signing: (1983 :
  • Location of meeting: Bogotá)

670 ## - SOURCE DATA FOUND

  • Source citation: Work cat.: (OSt)5232: Foro Colombia los no alineados y el nuevo orden económico internacional (1983 : Bogotá), Colombia no alineada : , 1983